Statistiques concernant Capitales mondiales les plus proches de Hanoï

Cliquez ici pour prendre le quiz!

Statistiques générales

  • Ce quiz a été pris 41 fois
  • Le résultat moyen est 15 sur 20

Statistiques - réponses

kmcapitale% Correct
2325Pékin
100%
989Bangkok
89%
3026Jakarta
87%
2038Kuala Lumpur
87%
2733Séoul
87%
1753Manille
84%
3002New Delhi
84%
2201Singapour
84%
481Vientiane
84%
1057Phnom Penh
82%
1667Taipei
79%
2757Pyongyang
76%
1616Dacca
74%
2991Oulan-Bator
74%
2205Katmandou
71%
1023Naypyidaw
71%
2045Bandar Seri
Begawan
61%
3202Colombo
47%
1791Thimphou
47%
3437Ngerulmud
21%

Distribution des résultats

Percentile par nombre de réponses

% des personnes avec chaque résultat

Votre développement - résultats

Vous n’avez pas pris ce quiz